| 000 -LEADER |
| fixed length control field |
00883nam a22001697a 4500 |
| 005 - DATE AND TIME OF LATEST TRANSACTION |
| control field |
20221005172535.0 |
| 008 - FIXED-LENGTH DATA ELEMENTS--GENERAL INFORMATION |
| fixed length control field |
221005s2018 rus||||| |||| 00| 0 ru d |
| 020 ## - INTERNATIONAL STANDARD BOOK NUMBER |
| International Standard Book Number |
978520908867 |
| 041 ## - LANGUAGE CODE |
| Language code of text/sound track or separate title |
ru |
| 080 ## - UNIVERSAL DECIMAL CLASSIFICATION NUMBER |
| Universal Decimal Classification number |
341(075.8) М-43 |
| 245 ## - TITLE STATEMENT |
| Title |
Международное право : |
| Remainder of title |
Уч-к для аспирантов / |
| Statement of responsibility, etc. |
Ред. А.Х. Абашидзе.: Федеральное гос. автономн. образоват. учреждение высшего образования, Российский ун-т дружбы народов, Юридич. ин-т кафедра международного права. |
| 264 ## - PRODUCTION, PUBLICATION, DISTRIBUTION, MANUFACTURE, AND COPYRIGHT NOTICE |
| Place of production, publication, distribution, manufacture |
Москва : |
| Name of producer, publisher, distributor, manufacturer |
РУДН, |
| Date of production, publication, distribution, manufacture, or copyright notice |
2018 |
| 300 ## - PHYSICAL DESCRIPTION |
| Extent |
647 стр.; |
| Other physical details |
21 см. |
| 653 ## - INDEX TERM--UNCONTROLLED |
| keyword |
საერთაშორისო სამართალი |
| 700 ## - ADDED ENTRY--PERSONAL NAME |
| Personal name |
Абашидзе, А.Х. |
| Relator term |
რედაქტორი |
| 9 (RLIN) |
15073 |
| 942 ## - ADDED ENTRY ELEMENTS (KOHA) |
| Source of classification or shelving scheme |
|
| Koha item type |
წიგნი |